000 00840nas a2200253 4500
001 BR8106074
003 BR-BrBNA
005 20231205084847.0
007 ta
008 230509b bl.|||p| |||| 00| 00por d
040 _aBR-BrBNA
_bpor
_cBiblioteca Nacional de Agricultura
041 _a(Pt)
072 _aH10
100 1 _aVendramim, J.D.
100 1 _aNakano, O. (Escola Superior de Agricultura Luiz de Queiroz, Piracicaba, SP (Brazil). Depto. de Entomologia)
245 1 _aDistribuicao de Aphis gossypii Glover, 1877 (Homoptera: Aphididae)em plantas de algodao [pulgao, Brasil]
650 _aPULGAO
650 _aHOMOPTERO
650 _aALGODAO
650 _aPARANÁ
773 0 _tPoliagro (Brazil)
_xISSN 0100-3461
_g(May 1981), v. 3(1) p. 1-8
_wBR8106074
909 _a202311
_bLúcia
_c55
_dLúcia Elande
942 _2AGRIS
_n0
_cANA
999 _c107746
_d107746